[Event "Moscow Aeroflot op-A"]
[Site "Moscow"]
[Date "2004.02.22"]
[Round "6"]
[White "Rublevsky, Sergei"]
[Black "Filippov, Valerij"]
[Result "0-1"]
[WhiteElo "2655"]
[BlackElo "2609"]
[Annotator "Rogozenco,D"]
[PlyCount "90"]
[EventDate "2004.02.17"]
[EventType "swiss"]
[EventRounds "9"]
[EventCountry "RUS"]
[SourceTitle "CBM 100"]
[Source "ChessBase"]
[SourceDate "2004.06.01"]
[SourceVersion "1"]
[SourceVersionDate "2004.06.01"]
[SourceQuality "1"]

1. e4 c5 2. Nf3 e6 3. c3 Nf6 4. e5 Nd5 5. Bc4 d6 6. d4 cxd4 7. cxd4 Nb6 8. Bb3
dxe5 9. Nxe5 Nc6 10. Nf3 (10. Nxc6 bxc6 {leads to simpler positions, which are
about equal. Weaknesses on d4 and c6 compensate each other.}) 10... Be7 (10...
Nd5 11. O-O Be7 12. Nc3 Nxc3 $6 13. bxc3 O-O 14. Re1 b6 15. h4 Bb7 16. Ng5 $36
{Rublevsky-Goloshchapov, Istanbul 2003.}) 11. Nc3 Bf6 12. Be3 Na5 $6 (12... O-O
$14 {/=}) 13. Bc2 Nac4 14. O-O Nxb2 {Greedy, but principled. Black is
confident that he'll be able to defend against opponent's long lasting
initiative. This approach paid off in the present game, although White
developed a strong initiative indeed and was close to big advantage.
Objectively, Black's play in the opening is not only dangerous, but also
pretty dubious. Nervertheless in chess one often must take a big risk in order
to achieve the victory.} 15. Qe2 N2c4 (15... O-O $2 16. Bb3 $18) 16. Ne5 Nd6 (
16... Bxe5 17. dxe5 Nxe3 18. Qxe3 O-O 19. Rad1 Qe7 (19... Bd7 20. Rd4 $5) 20.
Rd4 $44 Bd7 $140 21. Bxh7+ Kxh7 22. Qh3+ Kg8 23. Rh4 f5 24. Rh8+ Kf7 25. Qh5+
$18) (16... Nxe5 $2 17. dxe5 Be7 (17... Bxe5 18. Bxb6 $18) 18. Qg4 $16 O-O 19.
Bh6 g6 20. Bxf8 Bxf8 $16 {[%csl Ra8,Rc8]}) (16... Nxe3 17. fxe3 (17. Qxe3 O-O)
17... Bxe5 (17... O-O 18. Rf3 {[%cal Gc2h7]} g6 19. Raf1 Bxe5 20. dxe5 Nd7 21.
Ne4 Nxe5 22. Nf6+ Kg7 23. Rh3 Rh8 24. Qf2 $18 {[%cal Gf2g3]}) 18. dxe5 Qc7 19.
Qd3 $5 Qxe5 20. Rad1 Bd7 21. Ne4 $44) 17. Qh5 (17. Qd3 $5) 17... g6 18. Qh6 {
White has a very good compensation for the pawn. There is no safe place on the
board for black king (well, square a8 is too far for the moment).} Nf5 (18...
Qe7 19. Rac1 Qf8 20. Qh3 $44) 19. Bxf5 exf5 20. Rfe1 Be6 (20... Bxe5 $2 21. Bg5
$18 Qxd4 22. Qg7 $18) 21. Rad1 {[%cal Gd4d5]} (21. Rac1 $5) 21... Nd5 22. Nxd5
Qxd5 23. Nd3 O-O-O (23... Qxa2 24. Nf4 O-O-O 25. Ra1 Qb3 26. Reb1 $18) 24. Qf4
{Black is still under a strong attack and correctly decides to give up the
exchange in order to trade the queens.} (24. Nf4 Qa5 25. Rc1+ Kb8 26. Nxe6 fxe6
27. Bf4+ Ka8 28. Bc7 Qxa2 29. Bxd8 Rxd8 30. Qxh7 $16) 24... Qd6 (24... g5 25.
Rc1+ Kd7 26. Qc7+ Ke8 27. Nb4 $18) 25. Rc1+ Kb8 26. Qxd6+ Rxd6 27. Bf4 Rhd8 28.
Nc5 (28. Re2 g5 29. Bxd6+ Rxd6 {[%csl Rd4]}) 28... Bxa2 29. d5 $5 a5 (29...
Bxd5 30. Red1 $16) 30. Re2 $2 (30. Ne6 $1 {Black faces unpleasant problems.}
fxe6 (30... R8d7 31. Nc7 $1 $18 {[%cal Ge1e8,Gc7b5]}) (30... Ka7 31. Be3+ b6
32. Rc7+ Ka6 33. Rxf7 $16) 31. Rxe6 Ka7 32. Bxd6 Bd4 33. Bc5+ Bxc5 34. Rxc5 $16
) 30... Bxd5 31. Rd2 Ka7 $1 {White must have missed this fantastic resource to
come with the king to c6, winning the knight c5.} 32. Bxd6 Rxd6 33. Rcd1 Kb6
34. Rxd5 $6 {White is confused. Having played a great game, Rublevsky loses
the thread in the end. White can probably still make a draw after this, but he
could reach an improved version of the position from the game.} (34. Nxb7 Kxb7
35. Rxd5 Rxd5 36. Rxd5 $11 {must be draw. Comparing to the game the king is on
b7 instead of c5.}) 34... Rxd5 35. Rxd5 Kc6 36. Rd7 Kxc5 37. Rxb7 (37. Rxf7 a4
38. Rxf6 a3 39. Rf8 b5 40. Kf1 b4 41. Ra8 (41. Ke2 a2 42. Ra8 b3 $19) 41... Kc4
42. Ke2 Kc3 (42... Kb3 43. Kd3 a2 44. f4 Kb2 45. Kc4 b3 46. Kb4 $11) 43. Ke3
Kb2 44. Kd4 b3 45. Kc4 $11) 37... a4 38. Kf1 $2 {Apparently only this move
loses.} (38. Rxf7 {Taking pawns matters. White's idea is to take more material
before giving up the rook for the a-pawn.} Bd4 39. Rxh7 a3 40. Ra7 Kb4 41. Ra8
Kb3 42. Rb8+ Kc2 43. Ra8 Kb2 44. Rb8+ Kc2 45. Ra8 Bb2 46. Ra6 g5 (46... Kb1 47.
Rxg6 a2 48. Ra6 a1=Q 49. Rxa1+ Bxa1 50. f4 $11 {[%cal Gh2h3,Gg2g4]}) 47. f4 (
47. Ra5 Kb3 48. Rb5+ Ka4) {and now Black must be careful. For instance if}
47... g4 48. Kf2 Kb1 49. Kg3 {[%cal Gg3h4,Gh4g5] and only White can win.})
38... a3 $19 39. Ra7 Kb4 40. Ke2 Kb3 41. Kd3 a2 42. Rb7+ Ka3 43. Ra7+ Kb2 44.
Rb7+ Kc1 45. Rc7+ Kd1 0-1

[Event "Excelsior Cup"]
[Site "Gothenburg"]
[Date "2004.01.13"]
[Round "6"]
[White "Meijers, Viesturs"]
[Black "Rogozenco, Dorian"]
[Result "1/2-1/2"]
[WhiteElo "2499"]
[BlackElo "2517"]
[Annotator "Rogozenco,D"]
[PlyCount "32"]
[EventDate "2004.01.06"]
[EventType "tourn"]
[EventRounds "9"]
[EventCountry "SWE"]
[EventCategory "9"]
[SourceTitle "CBM 099"]
[Source "ChessBase"]
[SourceDate "2004.03.30"]
[SourceVersion "1"]
[SourceVersionDate "2004.03.30"]
[SourceQuality "1"]

1. e4 c5 2. c3 Nf6 3. e5 Nd5 4. d4 cxd4 5. Nf3 Nc6 6. cxd4 d6 7. Bc4 dxe5 {
A relatively easy way to equalise for Black. In order to fight for advantage
White should change the move order (eventually not include Nf3 Nc6).} 8. dxe5 (
8. Bxd5 Qxd5 9. Nc3 Qd6 10. d5 Nd4 11. Nxd4 exd4 12. Qxd4 e5 {is good for
Black.}) 8... Ndb4 9. a3 (9. Qxd8+ Nxd8 10. Na3 a6 $11) 9... Qxd1+ 10. Kxd1 Na6
11. b4 Bg4 $11 12. Bb2 (12. b5 $2 Nxe5) 12... Nc7 13. Nbd2 e6 14. h3 Bh5 15.
Ke2 O-O-O 16. Rhc1 Kb8 (16... Kb8 17. b5 $2 Na5 18. Bd3 Bxf3+ 19. gxf3 Nd5 $132
) 1/2-1/2

[Event "FIDE-Wch k.o."]
[Site "Tripoli"]
[Date "2004.06.20"]
[Round "1.4"]
[White "Kharlov, Andrei"]
[Black "Dautov, Rustem"]
[Result "1/2-1/2"]
[WhiteElo "2593"]
[BlackElo "2616"]
[Annotator "Rogozenco,D"]
[PlyCount "97"]
[EventDate "2004.06.19"]
[EventType "k.o."]
[EventRounds "7"]
[EventCountry "LBY"]
[SourceTitle "CBM 102"]
[Source "ChessBase"]
[SourceDate "2004.09.23"]
[SourceVersion "1"]
[SourceVersionDate "2004.09.23"]
[SourceQuality "1"]

1. e4 c5 2. c3 d5 3. exd5 Qxd5 4. d4 g6 {In the first tie-break game Dautov
lost after blundering a piece and now in this second game of the rapid match
he needed a win with Black in order to level the score. A very difficult task
against Alapin Sicilian, where White has clear ways to simplify the position
in most variations. The last move has the reputation of leading to a fighting
game. Nevertheless, a high-class player with White is able to annihilate 4...
g6 too and reach the desired position with drawish tendentions.} 5. Be3 {
This suits very well with Kharlov's task in the present game.} (5. Nf3 Bg7 {
and now either 6.Na3 or 6.c4 represent the only ways to fight for opening
advantage.}) 5... cxd4 6. Qxd4 Nf6 $11 (6... Qxd4 {It makes little sense to
take on d4 at once.} 7. Bxd4 Nf6 (7... f6 $5) 8. Bxf6 $5 exf6 9. Nf3 $13) 7.
Na3 (7. Qxd5 Nxd5 8. Bd4 f6 9. Bc4 Be6 10. Na3 Nc6 $11 {/=/+, Rozentalis,
E-Gurevich,D/Toronto 1998.}) 7... Nc6 8. Qa4 $1 {It must have been very
tempting for Kharlov to exchange queens, but after that the resulting endgame
is better for Black:} (8. Qxd5 $6 Nxd5 9. Bd2 e5 10. Nb5 Be6 $15 11. c4 $140
Ndb4 12. Nc7+ Kd7 13. Nxe6 Kxe6 $17 {[%csl Ra2,Rc2]}) 8... Bg7 9. Nb5 (9. Nf3
O-O 10. Bc4 Qh5 11. O-O e5 $11 {/=/+}) (9. Rd1 $5 Qh5 (9... Qxa2 10. Bc4 Qxb2
11. Ne2 $44) 10. Be2 Bg4 11. Qb5 Qxb5 12. Nxb5 O-O $11) 9... Qd8 10. Nf3 O-O
11. Rd1 Bd7 12. Be2 a6 13. Nbd4 Nd5 (13... Nxd4 14. Qxd4 Qa5 15. a3 Ba4 16. Rd2
Rad8 17. Qc5 $11) 14. Nxc6 Bxc6 15. Qb3 Qa5 (15... Qc7 $2 16. Rxd5) 16. Bd2 Qc7
{Of course Black had no opening problems at all. Nevertheless that factor
alone wasn't enough for Dautov in this game - he had to achieve more than a
comfortable equality. As mentioned above, he has to score a full point.} 17.
O-O e5 {Black's only chance to complicate matters is to use the kingside pawn
majority.} 18. c4 Nf4 $6 ({More fighting resources would have kept} 18... Ne7
19. Be3 b5 {[%cal Gc7b7]}) 19. Bxf4 $1 exf4 20. Nd4 Bxd4 (20... Be4 21. Bf3
Bxf3 22. Nxf3 Rac8 23. Rc1 Rfe8 24. Rfe1 $1 {and Black can forget about any
ambitions.} Rxe1+ $140 25. Rxe1 Qxc4 (25... h6 26. h3 $11 {[%csl Rb7,Rc4]}) 26.
Qxb7) ({I believe Dautov had to try} 20... Rfe8 21. Bf3 Bxf3 22. Nxf3 Re2 (
22... Rac8 {doesn't reach the task:} 23. Rfe1 $1 (23. Rc1 $2 Re2 $17)) 23. Rd2
Rae8 {with the idea after} 24. Rfd1 $2 Qc5 $1 {finally seizing the initiative.}
) 21. Rxd4 Qe5 22. Qd3 Rfe8 23. Bf3 {Very pragmatic. White reaches a draw in
slightly inferior endgame.} Bxf3 24. gxf3 {Black's edge is not enough to
create anything serious.} Rad8 25. Rxd8 Qg5+ 26. Kh1 Rxd8 27. Qe2 Qf6 28. b3
Qd4 29. Re1 Rd6 30. Qe8+ Kg7 31. Kg2 Qf6 32. Qe5 $11 Rd2 33. Qxf6+ Kxf6 34. Re8
h5 (34... Rxa2 35. Rb8 $11) 35. Rb8 Rd7 36. c5 $1 {More exchanges. Kharlov
leaves his opponent no hopes at all.} Ke6 (36... Rc7 37. c6 $11) 37. c6 bxc6
38. Rb6 Kd5 39. Rxa6 Kc5 40. Ra4 Rd4 41. Ra7 f6 42. a3 Kb6 43. Ra8 Rd3 44. b4
Kb7 45. Rf8 Rxa3 46. Rxf6 Rb3 47. Rxf4 Kb6 48. Rc4 Kb5 49. Rc5+ 1/2-1/2

[Event "EU-ch 5th"]
[Site "Antalya"]
[Date "2004.05.20"]
[Round "5"]
[White "Jonkman, Harmen"]
[Black "Karadeniz, Ali Emre"]
[Result "1-0"]
[WhiteElo "2421"]
[BlackElo "2310"]
[Annotator "Rogozenco,D"]
[PlyCount "51"]
[EventDate "2004.05.15"]
[EventType "swiss"]
[EventRounds "13"]
[EventCountry "TUR"]
[SourceTitle "CBM 101"]
[Source "ChessBase"]
[SourceDate "2004.07.27"]
[SourceVersion "1"]
[SourceVersionDate "2004.07.27"]
[SourceQuality "1"]

1. e4 c5 2. c3 Nf6 3. e5 Nd5 4. Nf3 e6 5. d4 cxd4 6. cxd4 d6 7. Bd3 {This
ambitious set-up (with Bd3 and a3) doesn't work perfectly if Black uses
immediately its drawbacks.} ({Another possibility to reach the plan with Bd3 is
} 7. a3 {Then a good way for Black to obtain equality is to start with} Bd7 8.
Bd3 Bc6 9. O-O Nd7 $11 {[%cal Gd8c7] sometomes here after taking on e5 Black
can also seriously consider g6 and Bg7, when the pawn e5 suddenly can become a
weakness.}) (7. Bc4 Nc6 8. O-O Be7 9. a3 O-O 10. Bd3 {Black is a tempo up
comparing to the game.}) 7... Nc6 $2 {A serious inaccuracy, showing that Black
is not accustomed with the subtleties of this opening line.} (7... Nb4 $1) ({
Also better than the game is} 7... dxe5) 8. a3 Be7 9. O-O O-O {In order to
reach such arrangement of his pieces White must often spend a tempo by playing
first Bc4, a3 and only then Bd3 (see 7.Bc4).} 10. Qc2 $5 $14 {/+/- A clever
move, provoking a weakness of Black's kingside.} h6 {Difficult to say what is
better here, 10...h6 or 10...g6. In both cases White has a pleasant advantage.}
(10... g6 11. Bh6 Re8 12. Rd1 (12. Nc3 Nxc3 13. Qxc3 Bf8 14. Bg5 Qb6 15. Rad1
Bd7 16. Bb1 Rac8 17. Qd2 Ne7 18. Bh6 $14 {1/2-1/2 Alexopoulos,G-Damljanovic,B/
Bihac 1979 (60)}) 12... Bd7 13. b4 Rc8 14. Qb2 a6 15. Nbd2 Nb8 16. Ne4 Bb5 17.
Bxb5 axb5 18. Qe2 $16 {1-0 Tiviakov,S-Werle,J/Hoogeveen 1999 (53)}) (10... f5
$5 {This move was never met in the practice, but might be Black's best choice
under the circumstances.}) 11. Rd1 ({White can also continue directly the
initial plan:} 11. Qe2 f5 (11... dxe5 12. dxe5 f5 13. exf6 Nxf6 14. Nc3 Qc7 15.
Bc4 $16 {1-0 Daniliuk,S-Savitskaya,E/Moscow 1995 (36)}) 12. exf6 Nxf6 13. Nc3
a6 14. Be3 b5 15. Rad1 $14 {1-0 Kiik,K-Turtiainen,T/Helsinki 2001 (35)}) 11...
Bd7 (11... dxe5 12. dxe5 $14 {[%cal Gc2e2,Ge2e4] /+/-}) 12. Qe2 Rc8 $6 (12...
f5 $142) 13. Nc3 Nxc3 14. bxc3 d5 15. Bc2 {By simple means White reached a
very big advantage. There is no acceptable way for Black to parry the threat
Qd3.} f5 (15... Re8 16. Qd3 $18) 16. exf6 Rxf6 (16... Bxf6 17. Qd3 $16 {
[%cal Ga3a4,Yc1a3] /+-}) 17. Qd3 Qf8 (17... Rf5 18. g4 $18) 18. Ne5 $1 $18 {
The most convincing way. White will have extra materia AND the compensation...}
(18. Qh7+ Kf7 19. Ne5+ Ke8 20. Bg6+ Kd8 21. Ng4 {is not bad either}) 18... Nxe5
19. Qh7+ Kf7 20. dxe5 Rf5 21. Bxf5 exf5 22. Rxd5 (22. Bxh6 $18) 22... Be6 23.
Rd3 {Black can catch the queen on h7 only by transferring the bishop from e6
to g6, which of course is impossible.} Rc4 24. Bxh6 Rh4 25. Rh3 Rg4 (25... Rxh3
26. gxh3 $18 {An extra exchange, two pawns up and attack against opponent's
king is a good compensation for the broken pawn structure...}) 26. Rg3 1-0

[Event "Bundesliga 0304"]
[Site "Germany"]
[Date "2004.03.27"]
[Round "12.3"]
[White "Smagin, Sergey"]
[Black "Papa, Severin"]
[Result "1/2-1/2"]
[WhiteElo "2570"]
[BlackElo "2401"]
[Annotator "Rogozenco,D"]
[PlyCount "87"]
[EventDate "2003.11.01"]
[EventType "team-tourn"]
[EventRounds "15"]
[EventCountry "GER"]
[SourceTitle "CBM 100"]
[Source "ChessBase"]
[SourceDate "2004.06.01"]
[SourceVersion "1"]
[SourceVersionDate "2004.06.01"]
[SourceQuality "1"]
[WhiteTeam "Katernberg"]
[BlackTeam "Stuttgart"]
[WhiteTeamCountry "GER"]
[BlackTeamCountry "GER"]

1. e4 c5 2. c3 Nf6 3. e5 Nd5 4. Nf3 e6 5. d4 cxd4 6. cxd4 d6 7. Bc4 Nb6 8. Bd3
dxe5 9. dxe5 Na6 {This idea to come with the knight on c5 became popular
recently and provides Black with good play.} 10. O-O ({White can avoid the
endgame with} 10. Qe2 Nc5 11. Bc2 Nd5 12. O-O Bd7 {[%csl Gc5,Gd5] but thanks
to his strong centralized knights Black has good chances for quick activity 
(Rc8, Qb6, Bb5).}) 10... Nc5 (10... Nb4 11. Be4 $1 Qxd1 12. Rxd1 $14 {[%csl
Rc8,Ge4]}) 11. Bc2 Qxd1 12. Rxd1 Bd7 $11 13. Nc3 Rc8 14. a4 a5 15. Nd4 Be7 16.
Ndb5 (16. Nb3 Nc4 17. Re1 O-O 18. Nxc5 Bxc5 19. Re4 Bb4 $15 {0-1 Shaw,J-Short,
N/Catalan Bay 2003 (51)}) 16... O-O 17. Be3 Rfd8 {both sides have good squares
for the knights. White's slight space advantage doesn't play any significant
role.} 18. Bd4 Be8 {The position is equal.} 19. h3 Nd5 20. Nxd5 Rxd5 21. Bc3
Rxd1+ 22. Rxd1 b6 23. Kf1 Rd8 24. Rxd8 Bxd8 25. Bd4 (25. b4 Bxb5+ 26. axb5 axb4
27. Bxb4 Be7 $11) 25... Bxb5+ (25... Be7 26. Nc3 Bc6 {is also draw, but the
game is tougher, since it closes the queenside and leaves WHite practically
with no hopes at all.}) 26. axb5 Be7 27. Ke2 Nd7 28. f4 Bc5 29. Bc3 g6 30. g4
Bb4 31. Bd4 Bc5 32. Bc3 Bb4 33. Bxb4 axb4 {[%csl Gc2]} 34. g5 (34. Kd3 g5 $5 (
34... h6 35. Kd4 Kg7 $11) 35. fxg5 (35. Ke3 h6) 35... Nxe5+ 36. Kd4 Nd7 37. h4
Kg7 38. Be4 Nc5 39. Bc6) 34... Nc5 35. Ke3 b3 36. Bd1 h6 37. h4 hxg5 38. hxg5
Kf8 39. Kd4 Ke7 40. Be2 Kd7 41. Bc4 Ke7 42. Kc3 Ne4+ 43. Kxb3 Nxg5 {An amazing
move.} 44. fxg5 {Nice fortress. Black protects with the king pawn f7 and there
is no way for White to break through.} 1/2-1/2

[Event "Bundesliga 0304"]
[Site "Germany"]
[Date "2003.12.13"]
[Round "5.7"]
[White "Pirrot, Dieter"]
[Black "Werle, Jan"]
[Result "1-0"]
[WhiteElo "2422"]
[BlackElo "2409"]
[Annotator "Rogozenco,D"]
[PlyCount "121"]
[EventDate "2003.11.01"]
[EventType "team-tourn"]
[EventRounds "15"]
[EventCountry "GER"]
[SourceTitle "CBM 099"]
[Source "ChessBase"]
[SourceDate "2004.03.30"]
[SourceVersion "1"]
[SourceVersionDate "2004.03.30"]
[SourceQuality "1"]
[WhiteTeam "St Ingbert"]
[BlackTeam "Solingen"]
[WhiteTeamCountry "GER"]
[BlackTeamCountry "GER"]

1. e4 c5 2. c3 Nf6 3. e5 Nd5 4. d4 cxd4 5. Nf3 Nc6 6. Bc4 Nb6 7. Bb3 d5 8. exd6
Qxd6 9. O-O Be6 10. Bxe6 Qxe6 11. Nxd4 {Once being considered the main line,
this position is less popular nowadays. White players are searching for
opening advantage elsewhere.} Qd7 (11... Nxd4 12. Qxd4 Rd8 13. Qh4 h5 $11 {
[%cal Ge6g4,Ge6c4] is another possibility to equalise.}) 12. Be3 e6 (12... Nc4)
13. Nd2 Be7 14. Qh5 Nd5 $11 15. Rad1 Nxe3 16. fxe3 O-O 17. N2f3 Qc7 18. Ng5
Bxg5 19. Qxg5 Ne5 (19... Qe5 $11) 20. Rf4 {White is preparing kingside
activity and some caution is required.} h6 $6 {The start of problems. Black
must think twice before making any pawn advances on the kingside in such
positions.} (20... Ng6 $11 21. Rg4 $2 {[%csl Rg5]} (21. Rf3 $142 Rad8 $11)
21... Rad8 {[%cal Ge6e5]} 22. Rf1 Rd5 $19) 21. Qg3 Qc5 $2 {This suddenly runs
into troubles.} (21... Rad8 22. Rg4 $1) (21... Qe7 $1 22. Re4 f6 23. Rh4 Kh7
$13) (21... Ng6 $2 22. Nxe6 $1) 22. Re4 Ng6 (22... Nc4 23. b3 $1 (23. Rg4 Qe5
$11) 23... Nb2 24. Rf1 $36) 23. Nxe6 $1 Qh5 {Probably Black was relying on
this move, but he must have missed White's answer.} 24. Qg4 {The only move,
but enough to get a rook endgame with a pawn up.} Qxg4 25. Rxg4 fxe6 26. Rxg6
Rad8 27. Rxd8 Rxd8 28. Rxe6 Rd2 29. Re7 Rxb2 30. a4 Kh7 $2 {Black played
correctly last few moves in endgame, but from here onwards Jan is losing the
thread.} (30... a5 {This move must be made automatically. If the pawns are to
be blockaded anyway, then better to do it on the 5th and 6th ranks than on the
6th and 7th ranks.} 31. Kf1 b6 32. h4 (32. Rb7 Kh7 33. e4 Kg6 34. e5 Ra2 35.
Rxb6+ Kf5 36. e6 Kf6 37. Ra6 Rxa4 38. Kf2 Ra2+ 39. Kf3 Rc2 $11) 32... Ra2 33.
Re4 h5 {must be a relatively easy draw.}) 31. a5 $16 a6 (31... Rb5 {Not clear
if Black should have taken such extreme decisions yet.} 32. Kf2 Rxa5 33. Rxb7
Ra2+ 34. Kf3 Kg6 35. h4 Kf6 36. g3 Rc2 37. Rc7 $16) 32. Kf1 Kg6 33. h4 h5 $6 (
33... Kf6 34. Rd7 (34. Re4 Ra2 $132 (34... Rb5 $5)) 34... h5 (34... g5 $2 35.
Rd6+ $1 (35. h5 g4)) (34... Rb5 35. Ke2 Rxa5 36. Rxb7 $16) 35. Rd6+ (35. Rd5 g6
$16) 35... Ke7 (35... Kf5 36. Rd5+ Ke4 37. Rxh5 Kxe3 38. Re5+ $16) 36. Rg6 Kf7
37. Rg5 (37. Rb6 $2 Rxb6 38. axb6 Ke6) 37... g6 38. Rc5 Kf6 39. c4 Ke6 {
and Black should be able to make a draw.}) 34. Re5 $1 {[%csl Rg6]} Ra2 35. Rc5
Kh6 {This looks pretty ugly, but otherwise impossible to free the king.} (35...
Rc2 36. e4 Rb2 (36... Kf6 37. Rxh5 Rxc3 38. Ke2 Rb3 39. e5+ Ke6 40. Rg5) 37. c4
(37. e5 Kf5 38. e6+ Kxe6 39. Rxh5 {is less clear}) 37... Rc2 38. Rc7 Rb2 39. c5
$16 {/+-}) 36. e4 Ra4 $2 {Wasting time does not help.} (36... g6 37. e5 Kg7 38.
Rc7+ Kf8 39. Rxb7 Rxa5 40. Rb6 Rxe5 {[%csl Rf1] and Black still will probably
escape.}) 37. c4 Ra2 38. e5 Kg6 39. e6 Kf6 40. Rxh5 Kxe6 41. Rg5 Kf6 42. Kg1 {
Too many incuraccies from Black. This position is very difficult, since White
has an easy plan to improve - the rook on c5 protects everything and the king
will come into play. Black cannot prevent that. His only chance is to play b6
as quick as possible and try to create some counterplay with the a-pawn 
(aiming to trade the a-pawn for c-pawn). But in the game he failed to escape
anyway, since White advances quickly with the king in order to attack pawn g7.}
Rb2 43. Rc5 Kf7 44. Kh2 Rb3 45. g3 b5 46. axb6 Rxb6 47. Kh3 Rb3 48. Kg4 $18 Rc3
49. Rc7+ Kf6 50. Kf4 a5 51. g4 Rc1 52. Rc6+ Kf7 53. Kg5 Re1 (53... a4 54. Rc7+
$18) 54. Rc5 Re4 55. Kf5 Rd4 56. Rc7+ Kf8 57. h5 a4 58. g5 a3 59. Rc8+ Ke7 60.
Ra8 Rxc4 61. Kg6 1-0